000
00326nam a2200133Ia 4500
008
230917s9999||||xx |||||||||||||| ||und||
040
_e
90708
_a
MAIN
041
_a
English
082
_a
617.7 J199E
100
_a
Jain, Rajesh Kumar
245
0
_a
Fundus fluorescein angiography in myopic eyes
300
_a
97 p.
942
_c
TH
999
_c
49609
_d
49609